Advanced materials and their Applications/ (Record no. 196841)
[ view plain ]
| 000 -LEADER | |
|---|---|
| fixed length control field | 00803nam a22002417a 4500 |
| 005 - DATE AND TIME OF LATEST TRANSACTION | |
| control field | 20230920170600.0 |
| 010 ## - LCCN (DPL NO) | |
| LC control number | ENG-137455 |
| 020 ## - INTERNATIONAL STANDARD BOOK NUMBER | |
| International Standard Book Number | 9788119042166 |
| Terms of availability | 380 |
| 035 ## - SYSTEM CONTROL NUMBER | |
| System control number | EN-120987 |
| 037 ## - SOURCE OF ACQUISITION | |
| Source of stock number/acquisition | DBAD/PUB |
| 082 ## - DEWEY DECIMAL CLASSIFICATION NUMBER | |
| Classification number | 620.1 |
| 245 ## - TITLE STATEMENT | |
| Title | Advanced materials and their Applications/ |
| Statement of responsibility, etc | Edited by C. Kavitha...[et.al] |
| 260 ## - PUBLICATION, DISTRIBUTION, ETC. (IMPRINT) | |
| Place of publication, distribution, etc | Tamil nadu |
| Name of publisher, distributor, etc | Shanlax Publications |
| Date of publication, distribution, etc | 2023 |
| 270 ## - ADDRESS | |
| Address | 61,66 T.P.K. Main Road, Vasantha Nagar, Madurai |
| City | Tamil Nadu |
| Postal code | 625003 |
| 300 ## - PHYSICAL DESCRIPTION | |
| Extent | 164p. |
| Dimensions | 24cm(pb) |
| 500 ## - GENERAL NOTE | |
| General note | Proceedings of the international Seminar <br/>25th January 2023 |
| 700 ## - ADDED ENTRY--PERSONAL NAME | |
| Personal name | K.Jacinth Mispa |
| 9 (RLIN) | 57186 |
| 700 ## - ADDED ENTRY--PERSONAL NAME | |
| Personal name | P.Deepa Rani |
| 9 (RLIN) | 57187 |
| 700 ## - ADDED ENTRY--PERSONAL NAME | |
| Personal name | I.Abulkkalam Azath |
| 9 (RLIN) | 57188 |
| 700 ## - ADDED ENTRY--PERSONAL NAME | |
| Personal name | T.Kodispathi |
| 9 (RLIN) | 57189 |
| 700 ## - ADDED ENTRY--PERSONAL NAME | |
| Personal name | A.Ramdass |
| 9 (RLIN) | 57190 |
| 942 ## - ADDED ENTRY ELEMENTS (KOHA) | |
| Source of classification or shelving scheme | Dewey Decimal Classification |
| Item type | Hindi Books |
| Classification part | 620.1 |
| Call number suffix | ADV |
| Withdrawn status | Lost status | Not for loan | Collection code | Home library | Current library | Date acquired | Source of acquisition | Cost, normal purchase price | Full call number | Barcode | Copy number | Cost, replacement price | Koha item type |
|---|---|---|---|---|---|---|---|---|---|---|---|---|---|
| Non-fiction | D.B.Act.Division | D.B.Act.Division | 01/08/2023 | DBAB/PUB | 380.00 | 620.1 ADV | EN-120987 | 1 | 380.00 | English Books |
